The Money List - European Cup Winning Teams - Statistics

General Stats
  • This quiz has been taken 9 times
  • The average score is 19 of 23
Answer Stats
Answer % Correct
AC Milan
100%
Benfica
100%
Chelsea
100%
Liverpool
100%
Manchester City
100%
Manchester United
100%
Real Madrid
100%
Aston Villa
88%
Barcelona
88%
Bayern Munich
88%
Inter Milan
88%
Juventus
88%
Olympique Marseille
88%
Porto
88%
Ajax
75%
Borussia Dortmund
75%
Celtic
75%
Feyenoord
75%
Hamburger SV
75%
Nottingham Forest
75%
Red Star Belgrade
63%
PSV Eindhoven
50%
Steaua Bucharest
50%
No matching quizzes found
Score Distribution
Percent of People with Each Score
Percentile by Number Answered
Your Score History
You have not taken this quiz